|
|
|
|
| LEADER |
00000nam a2200000 a 4500 |
| 001 |
vtls001448454 |
| 003 |
SK-MaSNL |
| 005 |
20260302072926.0 |
| 008 |
240226s2002 xo a g 000 yycze |
| 015 |
|
|
|a SNBA2003/09-03281
|
| 020 |
|
|
|a 8006012660
|
| 035 |
|
|
|a SNK000403719
|
| 035 |
|
|
|a urn:nbn:sk:snk-amlu8e
|
| 035 |
|
|
|a urn:nbn:sk:snk-am00cbsi
|
| 035 |
|
|
|a 11D91D22-7F86-458B-ADFF-65FAC3FF5482
|
| 040 |
|
|
|a SNK
|b slo
|c SNK
|e AACR2
|
| 041 |
1 |
|
|a cze
|h slo
|
| 044 |
|
|
|a xo
|c SK
|
| 072 |
|
7 |
|a 796
|x Šport. Hry. Telesné cvičenia
|2 konspekt
|
| 080 |
|
|
|a 796.853.26
|2 1981
|
| 080 |
|
|
|a 316.346.32-053.2
|2 1981
|
| 080 |
|
|
|a (035)
|2 1981
|
| 100 |
1 |
|
|a Longa, Ján
|4 aut
|9 311828
|
| 245 |
1 |
|
|a Karate kid
|b kniha pro mladé karatisty
|c Ján Longa ; fotografie: Ivan Medveď
|
| 250 |
|
|
|a 1. vyd.
|
| 260 |
|
|
|a Bratislava
|b Mladé letá
|c 2002
|
| 300 |
|
|
|a 119 s.
|b fareb. fotogr.
|c 26 cm
|
| 500 |
|
|
|a Fareb. fotogr. na front.
|
| 504 |
|
|
|a Obsahuje bibliografiu
|
| 650 |
0 |
7 |
|a karate
|2 SNKPH
|9 3275
|
| 650 |
0 |
7 |
|a deti
|2 SNKPH
|9 773
|
| 655 |
|
7 |
|a príručky
|2 SNKPH
|9 74364
|
| 700 |
1 |
|
|a Medveď, Ivan
|4 pht
|9 540877
|
| 919 |
|
|
|a 80-06-01266-0
|
| 958 |
|
|
|a OND
|
| 968 |
|
|
|a Čes
|b SLO
|d 793/799
|
| 999 |
|
|
|c 1158708
|d 1160638
|
| 952 |
|
|
|t P60, <03>, [BOOK], {603}
|a SNK
|b SNK
|y PREZ
|7 0
|p 17A0372256
|o snkSB 66196
|i snkKSP 1223/2003
|0 0
|1 0
|4 0
|d 2003-01-29
|f 1
|l 0
|r 2025-04-17 00:00:00
|w 2026-02-24
|
| 952 |
|
|
|t P60, <04>, [BOOK], {604}
|a SNK
|b SNK
|y VYP
|7 0
|p 17A0372257
|o snkSB 66196 D1
|i snkKSP 1224/2003
|0 0
|1 0
|4 0
|d 2003-01-29
|l 0
|r 2005-01-02 00:00:00
|w 2026-02-24
|